Круговорот любви в природе. Геофизики 60-х

Podrobná bibliografie
Korporativní autor: Национальный исследовательский Томский политехнический университет (ТПУ) (570)
Další autoři: Гейн Ф. Ф. Фрида Фридриховна (составитель), Новиков Г. Н. Геннадий Николаевич, Каверина В. Е. Валентина Егоровна
Shrnutí:70 лет кафедре геофизики Института природных ресурсов ТПУ
Перед вами лежит книга, написанная геофизиками группы 223 ГРФ ТПИ выпуска 1968 года. Она написана счастливыми людьми! И если вас настигнет минута одиночества или печали - откройте её, и вы окажетесь в кругу весёлой студенческой группы, в которой каждый друг другу люб и дорог. И вы там не будете лишними. Книга рассказывает о нашей жизни и трудах в аномальном XX веке, в котором Россия хлебнула сполна: три войны, революция, расцвет и распад великой державы СССР, перестройка с "приватизацией" и, наконец, овеянная мистикой смена веков и тысячелетий. Но. как гласит известная мудрость, "мир выжил потому, что смеялся..." Вот и нам помогла выстоять нравственность, привитая родителями и учителями, внутренний стержень, плечо друга и неистребимое чувство юмора. Мы состоялись, и тем счастливы! Эта книга - своеобразное прощание с XX веком, передача визитки в XXI век младшим поколениям. С любовью, ваши 70-летние мальчишки и девчонки.
Jazyk:ruština
Vydáno: Томск, Изд-во ТПУ, 2016
Témata:
Médium: Kniha
KOHA link:https://koha.lib.tpu.ru/cgi-bin/koha/opac-detail.pl?biblionumber=342025

MARC

LEADER 00000nam0a2200000 4500
001 342025
005 20240307145346.0
010 |a 978-5-4387-0799-8 
035 |a (RuTPU)RU\TPU\book\370506 
090 |a 342025 
100 |a 20181126d2016 km|y0rusy50 ca 
101 0 |a rus 
102 |a RU 
105 |a a z 010zy 
181 0 |a i   |b  e  
182 0 |a n 
183 0 |a nc  |2 RDAcarrier 
200 1 |a Круговорот любви в природе. Геофизики 60-х  |f Национальный исследовательский Томский политехнический университет (ТПУ) ; сост. Ф. Ф. Гейн, Г. Н. Новиков, В. Е. Каверина 
203 |a Текст  |b визуальный  |c непосредственный 
210 |a Томск  |c Изд-во ТПУ  |d 2016 
215 |a 536 с.  |c ил. 
283 |a volume  |2 RDAcarrier 
300 |a 70 лет кафедре геофизики Института природных ресурсов ТПУ 
330 |a Перед вами лежит книга, написанная геофизиками группы 223 ГРФ ТПИ выпуска 1968 года. Она написана счастливыми людьми! И если вас настигнет минута одиночества или печали - откройте её, и вы окажетесь в кругу весёлой студенческой группы, в которой каждый друг другу люб и дорог. И вы там не будете лишними. Книга рассказывает о нашей жизни и трудах в аномальном XX веке, в котором Россия хлебнула сполна: три войны, революция, расцвет и распад великой державы СССР, перестройка с "приватизацией" и, наконец, овеянная мистикой смена веков и тысячелетий. Но. как гласит известная мудрость, "мир выжил потому, что смеялся..." Вот и нам помогла выстоять нравственность, привитая родителями и учителями, внутренний стержень, плечо друга и неистребимое чувство юмора. Мы состоялись, и тем счастливы! Эта книга - своеобразное прощание с XX веком, передача визитки в XXI век младшим поколениям. С любовью, ваши 70-летние мальчишки и девчонки. 
606 1 |a Геофизика  |x История  |2 stltpush  |3 (RuTPU)RU\TPU\subj\71953  |9 85611 
606 1 |a Томский политехнический университет  |9 83260 
610 1 |a геофизики 
610 1 |a геологи 
610 1 |a Россия 
610 1 |a биографии 
610 1 |a воспоминания 
610 1 |a Томский политехнический институт 
610 1 |a Коллекция История ТПУ 
675 |a 550.3(09)  |v 4  |z rus 
686 |2 rubbk  |a Ч484(2)72ТПУ 
702 1 |a Гейн  |b Ф. Ф.  |g Фрида Фридриховна  |4 220 
702 1 |a Новиков  |b Г. Н.  |g Геннадий Николаевич  |4 220 
702 1 |a Каверина  |b В. Е.  |g Валентина Егоровна  |4 220 
712 0 2 |a Национальный исследовательский Томский политехнический университет (ТПУ)  |c (2009- )  |3 (RuTPU)RU\TPU\col\15902  |4 570 
801 1 |a RU  |b 63413507  |c 20181126 
801 2 |a RU  |b 63413507  |c 20210204  |g RCR 
942 |c BK